Every Country With Leopards - Statistics

General Stats
  • This quiz has been taken 206 times
  • The average score is 59 of 73
Answer Stats
Countries % Correct
China
93%
India
91%
Kenya
91%
Russia
91%
Democratic Republic of the Congo
90%
South Africa
89%
Egypt
88%
Iran
88%
Nepal
88%
Iraq
87%
Republic of the Congo
87%
Myanmar
86%
Niger
86%
Pakistan
86%
Tanzania
85%
Algeria
84%
Indonesia
84%
Morocco
84%
Somalia
84%
Vietnam
84%
Laos
83%
Mali
83%
Namibia
83%
Nigeria
83%
Saudi Arabia
83%
South Sudan
83%
Thailand
83%
Afghanistan
82%
Botswana
82%
Chad
82%
Malaysia
82%
Sudan
82%
Angola
81%
Bhutan
81%
Eswatini
81%
Guinea
81%
Senegal
81%
Uganda
81%
Lesotho
80%
Oman
80%
Rwanda
80%
Zimbabwe
80%
Central African Republic
79%
Ghana
79%
Yemen
79%
Cambodia
78%
Ethiopia
78%
Mozambique
78%
Turkey
78%
Zambia
78%
Cameroon
77%
Benin
76%
Burkina Faso
76%
Eritrea
76%
Togo
76%
Bangladesh
75%
Djibouti
75%
Equatorial Guinea
75%
Guinea Bissau
75%
Sri Lanka
75%
Burundi
74%
Gabon
74%
Malawi
74%
Gambia
73%
Ivory Coast
73%
Turkmenistan
73%
Liberia
72%
Armenia
70%
Azerbaijan
70%
Sierra Leone
70%
Tajikistan
69%
Georgia
68%
Jordan
68%
No matching quizzes found
Score Distribution
Percent of People with Each Score
Percentile by Number Answered
Your Score History
You have not taken this quiz